| 000 | 00687nam a2200241Ia 4500 | ||
|---|---|---|---|
| 003 | OSt | ||
| 005 | 20220925200030.0 | ||
| 006 | a|||||r|||| 00| 0 | ||
| 007 | ta | ||
| 008 | 220923b |||||||| |||| 00| 0 eng d | ||
| 037 | _cGeneral Book | ||
| 040 |
_aRTL _cRTL _beng |
||
| 041 |
_2eng _aeng |
||
| 082 | _aT.1.N6, K9 | ||
| 100 |
_aPoignant Raymond _990301 |
||
| 245 | 0 | _aEducation and development in Western Europe, the U | |
| 260 |
_aColumbia _bTeachers College Press _c1969 |
||
| 300 |
_axii,329p. _ccm. |
||
| 490 | _aComparative Education Studies | ||
| 650 | _aEducation | ||
| 942 |
_hT.1.N6, K9 _cGB _2CC |
||
| 999 |
_c535159 _d535159 |
||